| 000 | 00608cab a2200217 4500 | ||
|---|---|---|---|
| 001 | ABS56940 | ||
| 008 | 090401t1997 xxu||||| |||| 00| 0 eng d | ||
| 035 | _a(Sirsi) u98384 | ||
| 041 | _aeng | ||
| 100 | _aHuxtable, J. | ||
| 245 | _aStudying the form | ||
| 260 | _c1997 | ||
| 350 | _a0 | ||
| 490 |
_aBuilding Procurement _vMay 1997, 8-9(2) |
||
| 520 | _aReviews Andrews-Weatherfoil`s subcontract, highlighting potentially hazardous clauses. | ||
| 650 | _aANDREWS-WEATHERFOIL | ||
| 650 | _aSUBCONTRACTS | ||
| 690 | _aBUILT ENVIRONMENT-BUILDING CONTRACT FORMS | ||
| 942 | _n0 | ||
| 948 | _c23/05/1997 | ||
| 999 |
_c59783 _d59783 |
||